LEADER 00991nam0-22003371i-450- 001 990003756860403321 005 20090720150619.0 010 $a0-87589-268-X 035 $a000375686 035 $aFED01000375686 035 $a(Aleph)000375686FED01 035 $a000375686 100 $a20030910d1975----km-y0itay50------ba 101 0 $aeng 102 $aUS 105 $ay-------001cy 200 1 $aUnions on campus$ea national study of the consequences of faculty bargaining$fby Frank R. Kemerer, J. Victor Baldridge 210 $aSan Francisco$cJossey-Bass$d©1975 215 $a248 p.$ctab.$d23 cm 225 1 $aHigher education 610 0 $aUniversitą$aStati Uniti 676 $a378.73$v22$zita 700 1$aKemerer,$bFrank R.$0142636 701 1$aBaldridge,$bJ. Victor$0127937 801 0$aIT$bUNINA$gRICA$2UNIMARC 901 $aBK 912 $a990003756860403321 952 $aA / KEM 1$b2143$fBFS 959 $aBFS 996 $aUnions on campus$9508811 997 $aUNINA LEADER 01168nam 2200397 450 001 9910155206303321 005 20170214083911.0 010 $a1-63485-802-6 035 $a(CKB)3710000000973862 035 $a(MiAaPQ)EBC4787207 035 $a(EXLCZ)993710000000973862 100 $a20170130h20172017 uy 0 101 0 $aeng 135 $aurcnu|||||||| 181 $2rdacontent 182 $2rdamedia 183 $2rdacarrier 200 00$aCellulase $eproduction, applications and health benefits /$fMarguerite Stevenson, editor 210 1$aNew York :$cNovinka,$d2017. 210 4$d©2017 215 $a1 online resource (111 pages) $cillustrations, tables 225 1 $aBiochemistry Research Trends 311 $a1-63485-788-7 320 $aIncludes bibliographical references at the end of each chapters and index. 410 0$aBiochemistry research trends series. 606 $aCellulase 615 0$aCellulase. 676 $a572.756 702 $aStevenson$b Marguerite 801 0$bMiAaPQ 801 1$bMiAaPQ 801 2$bMiAaPQ 906 $aBOOK 912 $a9910155206303321 996 $aCellulase$92892543 997 $aUNINA